| 000 | 00510nam a22001817a 4500 | ||
|---|---|---|---|
| 005 | 20251108165238.0 | ||
| 008 | 250721s1998 xx 000 0 ara d | ||
| 082 | 1 | 4 | _a613.2/رمض |
| 100 | 1 | _aحافظ، رمضان | |
| 245 | 1 | 0 |
_aالقاتل الناعم : _bالكوليسترول / |
| 264 | 1 |
_aالقاهرة : _bمكتبة إبن سينا، _c1998. |
|
| 300 | _a96ص | ||
| 650 | 1 | 7 | _aالصحة |
| 650 | 1 | 7 | _aالكوليسترول |
| 650 | 1 | 7 | _aالتغذية |
| 942 |
_2ddc _cBK |
||
| 999 |
_c23133 _d23133 |
||